الديوان :علي بن أبي طالب بن عبد المطلب الهاشمي. ;; Diwan: Ali bin Abi Talib bin Abdul Muttalib Al Hashemi / (Record no. 79214)
[ view plain ]
| 000 -LEADER | |
|---|---|
| fixed length control field | 01008cas a2200241 i 4500 |
| 003 - CONTROL NUMBER IDENTIFIER | |
| rucl marc code | BD-RjUL |
| 005 - DATE AND TIME OF LATEST TRANSACTION | |
| control field | 20220118154230.0 |
| 008 - FIXED-LENGTH DATA ELEMENTS--GENERAL INFORMATION | |
| fixed length control field | 930413u1995uuuumu bx p f0 0ara |
| 035 ## - SYSTEM CONTROL NUMBER | |
| System control number | (OCoLC) |
| 040 ## - CATALOGING SOURCE | |
| Original cataloging agency | INU |
| Language of cataloging | eng |
| Description conventions | rda |
| Transcribing agency | INU |
| Modifying agency | OCLCQ |
| -- | OCLCF |
| 041 0# - LANGUAGE CODE | |
| Language code of text/sound track or separate title | ara |
| 130 0# - MAIN ENTRY--UNIFORM TITLE | |
| Linkage | 880-01 |
| Uniform title | Dīwān (Nouakchott, Mauritania) |
| 9 (RLIN) | 799 |
| 245 13 - TITLE STATEMENT | |
| Title | الديوان :علي بن أبي طالب بن عبد المطلب الهاشمي. ;; Diwan: Ali bin Abi Talib bin Abdul Muttalib Al Hashemi / |
| Name of part/section of a work | bieumdat albayan ;; بعمدة البيان |
| Statement of responsibility, etc. | Mukhtar Ali bin Muhammad Ali |
| 246 13 - VARYING FORM OF TITLE | |
| Title proper/short title | Ad-diwan |
| 264 #1 - PRODUCTION, PUBLICATION, DISTRIBUTION, MANUFACTURE, AND COPYRIGHT NOTICE | |
| Place of production, publication, distribution, manufacture | ديوبند، الهند : ،: |
| Name of producer, publisher, distributor, manufacturer | كتب خانه أمداديه, |
| Date of production, publication, distribution, manufacture, or copyright notice | 1995- |
| 300 ## - PHYSICAL DESCRIPTION | |
| Pagination | 135 ; |
| Illustrations | ; |
| Size | 30 cm |
| 500 ## - GENERAL NOTE | |
| General note | "Majallah taḥlīlīyah ikhbārīyah fī al-shuʼūn al-iqtiṣādīyah wa-al-ijtimāʻīyah." |
| General note | Title from cover. |
| 650 ## - SUBJECT ADDED ENTRY--TOPICAL TERM | |
| Topical term or geographic name as entry element | Arabic Poetry |
| Form subdivision | Islam |
| 9 (RLIN) | 800 |
| 942 ## - ADDED ENTRY ELEMENTS (KOHA) | |
| Source of classification or shelving scheme | Dewey Decimal Classification |
| Koha item type | Books |
| Lost status | Source of classification or shelving scheme | Damaged status | Not for loan | Collection code | Permanent Location | Current Location | Shelving location | Date acquired | Source of acquisition | Cost, normal purchase price | Full call number | Date last seen | Copy number | Koha item type |
|---|---|---|---|---|---|---|---|---|---|---|---|---|---|---|
| Dewey Decimal Classification | Not For Loan | Non-fiction | Central Library, University of Rajshahi | Central Library, University of Rajshahi | Reading Room | 25/08/1982 | Aligarh Library , Rajshahi | 28.00 | A 892.71 ALI 1962 | 18/01/2022 | C-1 | Books | ||
| Dewey Decimal Classification | Non-fiction | Central Library, University of Rajshahi | Central Library, University of Rajshahi | General Stacks | 25/08/1982 | Aligarh Library , Rajshahi | 28.00 | A 892.71 ALI 1962 | 18/01/2022 | C-2 | Books |